Eastern Utah Libraries Catalog: Duchesne, Heber, Roosevelt, & Vernal

Dragon slayers / (Record no. 398683)

MARC details
000 -LEADER
fixed length control field 03572cim a2200841 i 4500
001 - CONTROL NUMBER
control field on1183038262
003 - CONTROL NUMBER IDENTIFIER
control field OCoLC
005 - DATE AND TIME OF LATEST TRANSACTION
control field 20240718174645.0
007 - PHYSICAL DESCRIPTION FIXED FIELD--GENERAL INFORMATION
fixed length control field sd fsngnnmmned
008 - FIXED-LENGTH DATA ELEMENTS--GENERAL INFORMATION
fixed length control field 200810s2020 nyunnnnj f n eng d
020 ## - INTERNATIONAL STANDARD BOOK NUMBER
International Standard Book Number 9781797112473
020 ## - INTERNATIONAL STANDARD BOOK NUMBER
International Standard Book Number 1797112473
020 ## - INTERNATIONAL STANDARD BOOK NUMBER
International Standard Book Number 9781797112480
020 ## - INTERNATIONAL STANDARD BOOK NUMBER
International Standard Book Number 1797112481
024 3# - OTHER STANDARD IDENTIFIER
Standard number or code 9781797112473
035 ## - SYSTEM CONTROL NUMBER
System control number (OCoLC)1183038262
037 ## - SOURCE OF ACQUISITION
Source of stock number/acquisition Midwest Tape
Note http://www.midwesttapes.com
037 ## - SOURCE OF ACQUISITION
Stock number 30ds8w
Source of stock number/acquisition Blackstone Publishing
037 ## - SOURCE OF ACQUISITION
Stock number 10ds8w
Source of stock number/acquisition Blackstone Publishing
040 ## - CATALOGING SOURCE
Original cataloging agency TEFMT
Language of cataloging eng
Description conventions rda
Transcribing agency TEFMT
Modifying agency OCLCO
-- TEF
-- OCLCF
-- OCLCA
-- BLACP
-- OCLCO
-- OCLCQ
-- OCL
-- OCLCQ
-- OCLCO
-- OCLCL
049 ## - LOCAL HOLDINGS (OCLC)
Holding library WACL
050 #4 - LIBRARY OF CONGRESS CALL NUMBER
Classification number PZ7.M478757
Item number Dx 2020ab
082 04 - DEWEY DECIMAL CLASSIFICATION NUMBER
Classification number [Fic]
Edition number 23
092 ## - LOCALLY ASSIGNED DEWEY CALL NUMBER (OCLC)
Classification number junior audio
Item number McMann
100 1# - MAIN ENTRY--PERSONAL NAME
Personal name McMann, Lisa,
Relator term author.
9 (RLIN) 56437
245 10 - TITLE STATEMENT
Title Dragon slayers /
Statement of responsibility, etc by Lisa McMann.
250 ## - EDITION STATEMENT
Edition statement Unabridged.
264 #1 - Production, Publication, Distribution, Manufacture, and Copyright Notice.
Place of production, publication, distribution, manufacture New York, NY :
Name of producer, publisher, distributor, manufacturer Simon & Schuster Audio,
Date of production, publication, distribution, manufacture, or copyr [2020]
300 ## - PHYSICAL DESCRIPTION
Extent 7 audio discs (approximately 510 min.) ;
Dimensions 4 3/4 in.
306 ## - PLAYING TIME
Playing time 083000
336 ## - Content Type
Content type term spoken word
337 ## - Media type
Media type term audio
338 ## - Carrier type
Carrier type term audio disc
490 1# - SERIES STATEMENT
Series statement Unwanteds quests ;
Volume number/sequential designation bk. 6
500 ## - GENERAL NOTE
General note Title from web page.
511 0# - PARTICIPANT OR PERFORMER NOTE
Participant or performer note Read by Fiona Hardingham.
520 ## - SUMMARY, ETC.
Summary, etc Following her dramatic abduction of Fifer and Thisbe, the dragon woman traps the twins in an isolated, crumbling palace and surrounds them with four killer dragons in an attempt to coerce them to join her side. Hope finally arrives when Dev sneaks into the castle and the threesome reunites, hatching a plan against the Revinir so devious, so horrifying, that it just might work. But when it comes time to act, Thisbe struggles to confront her deepest fears about her inner levels of good and evil and, to her own dismay, questions if sheb2ss really been on the right side all along.
650 #0 - SUBJECT ADDED ENTRY--TOPICAL TERM
Topical term or geographic name as entry element Magic
Form subdivision Juvenile fiction.
9 (RLIN) 5673690
650 #0 - SUBJECT ADDED ENTRY--TOPICAL TERM
Topical term or geographic name as entry element Siblings
Form subdivision Juvenile fiction.
9 (RLIN) 6400603
650 #0 - SUBJECT ADDED ENTRY--TOPICAL TERM
Topical term or geographic name as entry element Kidnapping
Form subdivision Juvenile fiction.
9 (RLIN) 5673689
650 #0 - SUBJECT ADDED ENTRY--TOPICAL TERM
Topical term or geographic name as entry element Twins
Form subdivision Juvenile fiction.
9 (RLIN) 5674271
650 #0 - SUBJECT ADDED ENTRY--TOPICAL TERM
Topical term or geographic name as entry element Dragons
Form subdivision Juvenile fiction.
9 (RLIN) 5673921
650 #1 - SUBJECT ADDED ENTRY--TOPICAL TERM
Topical term or geographic name as entry element Adventure and adventurers
Form subdivision Fiction.
9 (RLIN) 102533
650 #1 - SUBJECT ADDED ENTRY--TOPICAL TERM
Topical term or geographic name as entry element Magic
Form subdivision Fiction.
9 (RLIN) 5673694
650 #1 - SUBJECT ADDED ENTRY--TOPICAL TERM
Topical term or geographic name as entry element Siblings
Form subdivision Fiction.
9 (RLIN) 5708994
650 #1 - SUBJECT ADDED ENTRY--TOPICAL TERM
Topical term or geographic name as entry element Twins
Form subdivision Fiction.
9 (RLIN) 5674236
650 #1 - SUBJECT ADDED ENTRY--TOPICAL TERM
Topical term or geographic name as entry element Dragons
Form subdivision Fiction.
9 (RLIN) 5673926
650 #1 - SUBJECT ADDED ENTRY--TOPICAL TERM
Topical term or geographic name as entry element Fantasy.
650 #6 - SUBJECT ADDED ENTRY--TOPICAL TERM
Topical term or geographic name as entry element Dragons
Form subdivision Romans, nouvelles, etc. pour la jeunesse.
9 (RLIN) 6450965
650 #7 - SUBJECT ADDED ENTRY--TOPICAL TERM
Topical term or geographic name as entry element JUVENILE FICTION
General subdivision Fantasy & Magic.
Source of heading or term bisacsh
9 (RLIN) 5713932
650 #7 - SUBJECT ADDED ENTRY--TOPICAL TERM
Topical term or geographic name as entry element JUVENILE FICTION
General subdivision Animals
-- Dragons, Unicorns & Mythical.
Source of heading or term bisacsh
9 (RLIN) 6374125
650 #7 - SUBJECT ADDED ENTRY--TOPICAL TERM
Topical term or geographic name as entry element JUVENILE FICTION
General subdivision Action & Adventure
-- General.
Source of heading or term bisacsh
9 (RLIN) 5712582
650 #7 - SUBJECT ADDED ENTRY--TOPICAL TERM
Topical term or geographic name as entry element Twins
Source of heading or term fast
650 #7 - SUBJECT ADDED ENTRY--TOPICAL TERM
Topical term or geographic name as entry element Kidnapping
Source of heading or term fast
650 #7 - SUBJECT ADDED ENTRY--TOPICAL TERM
Topical term or geographic name as entry element Siblings
Source of heading or term fast
650 #7 - SUBJECT ADDED ENTRY--TOPICAL TERM
Topical term or geographic name as entry element Dragons
Source of heading or term fast
650 #7 - SUBJECT ADDED ENTRY--TOPICAL TERM
Topical term or geographic name as entry element Magic
Source of heading or term fast
655 #7 - INDEX TERM--GENRE/FORM
Genre/form data or focus term Action and adventure fiction
Source of term fast
655 #7 - INDEX TERM--GENRE/FORM
Genre/form data or focus term Audiobooks
Source of term fast
655 #7 - INDEX TERM--GENRE/FORM
Genre/form data or focus term Children's audiobooks
Source of term fast
9 (RLIN) 5675081
655 #7 - INDEX TERM--GENRE/FORM
Genre/form data or focus term Fantasy fiction
Source of term fast
655 #7 - INDEX TERM--GENRE/FORM
Genre/form data or focus term Fiction
Source of term fast
9 (RLIN) 5673940
655 #7 - INDEX TERM--GENRE/FORM
Genre/form data or focus term Juvenile works
Source of term fast
9 (RLIN) 5673941
655 #7 - INDEX TERM--GENRE/FORM
Genre/form data or focus term Fantasy fiction.
Source of term gsafd
655 #7 - INDEX TERM--GENRE/FORM
Genre/form data or focus term Audiobooks.
Source of term lcgft
655 #7 - INDEX TERM--GENRE/FORM
Genre/form data or focus term Children's audiobooks.
Source of term lcgft
9 (RLIN) 5675081
655 #7 - INDEX TERM--GENRE/FORM
Genre/form data or focus term Fantasy fiction.
Source of term lcgft
655 #7 - INDEX TERM--GENRE/FORM
Genre/form data or focus term Action and adventure fiction.
Source of term lcgft
655 #7 - INDEX TERM--GENRE/FORM
Genre/form data or focus term Livres audio.
Source of term rvmgf
9 (RLIN) 6445220
700 1# - ADDED ENTRY--PERSONAL NAME
Personal name Hardingham, Fiona,
Relator term narrator.
9 (RLIN) 5687112
800 1# - SERIES ADDED ENTRY--PERSONAL NAME
Personal name McMann, Lisa.
Title of a work Unwanteds quests.
Medium Spoken word ;
Volume/sequential designation bk. 6.
9 (RLIN) 6413962
942 ## - ADDED ENTRY ELEMENTS (KOHA)
Source of classification or shelving scheme Dewey Decimal Classification
Koha item type Audiobook on CD
Holdings
Withdrawn status Lost status Source of classification or shelving scheme Materials specified (bound volume or other part) Damaged status Not for loan Collection code Home library Current library Shelving location Date acquired Source of acquisition Serial Enumeration / chronology Total Checkouts Full call number Barcode Date last seen Cost, replacement price Price effective from Koha item type
    Dewey Decimal Classification 7 discs     Junior Audiobooks Wasatch County Library Wasatch County Library Main Floor Junior Area 07/18/2024 Amazon #6 Unwanteds Quests   J CD McMann 34301002124032 07/29/2024 39.99 07/18/2024 Audiobook on CD
This project was made possible through a grant from the Institute of Museum and Library Service administered by the Utah State Library Division.

Wasatch County Library

  • 465 East 1200 South, Heber City, Utah 84032
  • Phone 435-654-1511 | Fax 435-654-6456

Hours

  • Monday - Friday 9:30 AM - 8:00 PM
  • Saturday 9:30 AM - 1:30 PM
  • Closed Sundays and Holidays